Amaneció un muerto : antropología de la vida cotidiana de Badiraguato /
Etnografía de la vida cotidiana de Badiraguato, Sinaloa, un municipio donde el cultivo, producción y comercio ilegal de la amapola es un componente central de su economía y que ha sido marcado la violencia resultante de dicho mercado. La antropóloga Adèle Blazquez radicó Badiraguato entre 2013 y 201...
Salvato in:
| Autore principale: | |
|---|---|
| Altri autori: | , |
| Natura: | Libro |
| Lingua: | spagnolo |
| Pubblicazione: |
México :
Cal y Arena,
2025, c2025
|
| Soggetti: | |
| Tags: |
Nessun Tag, puoi essere il primo ad aggiungerne!!
|
MARC
| LEADER | 00000nam^a2200000^a^4500 | ||
|---|---|---|---|
| 001 | 000629787 | ||
| 005 | 20260408000000.0 | ||
| 009 | 20260409133035.894 | ||
| 020 | |a 978-607-8564-85-9 | ||
| 020 | |a 978-607-2644-64-9 | ||
| 020 | |a 978-2-11-172305-4 | ||
| 020 | |a 978-607-737-504-3 | ||
| 037 | |a Acervo ITESO - Biblioteca | ||
| 041 | |a ESP | ||
| 082 | |a 320. 9723240713 |b BLA | ||
| 100 | |a Blazquez, Adèle |e (autor) | ||
| 245 | 1 | 0 | |a Amaneció un muerto : |b antropología de la vida cotidiana de Badiraguato / |c A. Blazquez ; pról. de C. Lomnitz-Adler ; tr. por A. Ruiz Rodilla. |
| 264 | 4 | |a México : |b Cal y Arena, |c 2025, c2025 | |
| 300 | |a 375 p. | ||
| 336 | |a texto |b txt |2 rdacontenido | ||
| 337 | |a sin mediación |b n |2 rdamedio | ||
| 338 | |a volumen |b nc |2 rdasoporte | ||
| 500 | |a Traducción de: L'aube s'est levée sur un mort. Violence armée et culture du pavot au Mexique | ||
| 520 | |a Etnografía de la vida cotidiana de Badiraguato, Sinaloa, un municipio donde el cultivo, producción y comercio ilegal de la amapola es un componente central de su economía y que ha sido marcado la violencia resultante de dicho mercado. La antropóloga Adèle Blazquez radicó Badiraguato entre 2013 y 2015: algunas temporadas en la capital municipal y otras en un rancho. La autora retoma para el título de su trabajo, "Amaneció un muerto", la expresión que usan los pobladores de Badiraguato cuando tinen noticia de que han matado a un vecino durante la noche pasada. La traducción literal del subtítulo original en francés es "violencia armada y cultivo de amapola en México", pero en la traducción al español ha sido nombrado "antropología de la vida cotidiana de Badiraguato". | ||
| 649 | |a XX | ||
| 650 | |a Mujeres - |z Badiraguato, Sinaloa - |x Condiciones Sociales y Culturales | ||
| 650 | |a Mujeres Mexicanas - |x Condiciones Sociales y Culturales | ||
| 650 | |a Fuerzas Armadas - |z Badiraguato, Sinaloa - |x Historia - |y 2012-2018 | ||
| 650 | |a Fuerzas Armadas - |z México - |x Historia - |y 2012-2018 | ||
| 650 | |a Amapola - |z Badiraguato, Sinaloa - |x Historia - |y 2012-2018 | ||
| 650 | |a Amapola - |z México - |x Historia - |y 2012-2018 | ||
| 650 | |a Narcotráfico - |z Badiraguato, Sinaloa - |x Historia - |y 2012-2018 - |x Tema Principal | ||
| 650 | |a Narcotráfico - |z México - |x Historia - |y 2012-2018 | ||
| 650 | |a Crimen Organizado - |z Badiraguato, Sinaloa - |x Historia - |y 2012-2018 | ||
| 650 | |a Crimen Organizado - |z México - |x Historia - |y 2012-2018 | ||
| 650 | |a Rapto - |z Badiraguato, Sinaloa - |x Historia - |y 2012-2018 - |x Tema Principal | ||
| 650 | |a Rapto - |z México - |x Historia - |y 2012-2018 | ||
| 650 | |a Violencia - |z Badiraguato, Sinaloa - |x Historia - |y 2012-2018 - |x Tema Principal | ||
| 650 | |a Violencia - |z México - |x Historia - |y 2012-2018 | ||
| 650 | |a Corrupción - |z Badiraguato, Sinaloa - |x Historia - |y 2012-2018 | ||
| 650 | |a Corrupción - |z México - |x Historia - |y 2012-2018 | ||
| 650 | |a Problemas Sociales - |z Badiraguato, Sinaloa - |x Historia - |y 2012-2018 | ||
| 650 | |a Problemas Sociales - |z México - |x Historia - |y 2012-2018 | ||
| 650 | |a Tenencia de la Tierra - |z Badiraguato, Sinaloa - |x Historia - |y 2012-2018 | ||
| 650 | |a Tenecia de la Tierra - |z México - |x Historia - |y 2012-2018 | ||
| 650 | |a Rumor Público - |z Badiraguato, Sinaloa - |x Historia - |y 2012-2018 | ||
| 650 | |a Rumor Público - |z México - |x Historia - |y 2012-2018 | ||
| 650 | |a Vida Cotidiana - |z Badiraguato, Sinaloa - |x Historia - |y 2012-2018 | ||
| 650 | |a Vida Cotidiana - |z México - |x Historia - |y 2012-2018 | ||
| 650 | |a Badiraguato, Sinaloa - |x Condiciones Políticas | ||
| 650 | |a México - |x Condiciones Políticas | ||
| 650 | |a Política Municipal - |z Badiraguato, Sinaloa - |x Historia - |y 2012-2018 | ||
| 650 | |a Política - |z Badiraguato, Sinaloa - |x Historia - |y 2012-2018 | ||
| 650 | |a Política - |z Badiraguato, Sinaloa - |x Historia - |y Siglo XXI | ||
| 650 | |a Política - |z México - |x Historia - |y 2012-2018 - |x Tema Principal | ||
| 650 | |a Política - |z México - |x Historia - |y Siglo XXI | ||
| 650 | |a Etnografía | ||
| 650 | |a Antropología | ||
| 650 | |a Sociología Política | ||
| 700 | |a Lomnitz-Adler, Claudio |e (prólogo) | ||
| 700 | |a Ruiz Rodilla, Alvaro |e (traducción) | ||
| 910 | |a Fondo General | ||
| 920 | |a Impresos - Libros | ||
| 930 | |a Colección General | ||
| 905 | |a 101 | ||
| 901 | |a 629787-10 |b IT1 |c ACC |i D132169 |u 20260408 | ||
| 902 | |a https://opac.biblio.iteso.mx/vufind/Record/000629787 | ||